[Event "Asia-ch Rapid U20"]
[Site "Jamshedpur"]
[Date "2023.09.08"]
[Round "7"]
[White "Siddhant, Nath Jha"]
[Black "Panda, Sambit"]
[Result "0-1"]
[WhiteElo "1469"]
[BlackElo "2262"]
[PlyCount "63"]
[EventDate "2023.09.08"]
[EventType "swiss (rapid)"]
[EventRounds "9"]
[EventCountry "IND"]
[SourceTitle "EXT 2024"]
[Source "ChessBase"]
[SourceDate "2023.10.10"]
[SourceVersion "1"]
[SourceVersionDate "2023.10.10"]
[SourceQuality "1"]

1. e4 c6 2. d4 d5 3. exd5 cxd5 4. Bd3 Nf6 5. Nf3 Bg4 6. h3 Bh5 7. c3 Nc6 8. Bf4 e6 9. Nbd2 Bd6 10. Bxd6 Qxd6 11. 0-0 0-0 12. Qe1 Nd7 13. Qe3 Rae8 14. Ng5 Bg6 15. f4 h6 16. Ngf3 Bxd3 17. Qxd3 Qxf4 18. b4 Qc7 19. Rae1 Rc8 20. Re3 Ne7 21. Nh2 Nf5 22. Ref3 Nd6 23. Ng4 f5 24. Nf2 Ne4 25. c4 dxc4 26. Qc2 Nxd2 27. Qxd2 Nf6 28. Re1 Rfe8 29. Rfe3 Qd6 30. g4 Nd5 31. Re5 c3 32. Qc2 0-1

[Event "Commonwealth-ch U14"]
[Site "New Delhi"]
[Date "2018.06.26"]
[Round "1"]
[White "Siddhant, Nath Jha"]
[Black "Kushagra, Mohan"]
[Result "0-1"]
[WhiteElo "1612"]
[BlackElo "2307"]
[PlyCount "76"]
[EventDate "2018.06.26"]
[EventType "swiss"]
[EventRounds "7"]
[EventCountry "IND"]
[SourceTitle "EXT 2019"]
[Source "ChessBase"]
[SourceDate "2018.10.10"]
[SourceVersion "1"]
[SourceVersionDate "2018.10.10"]
[SourceQuality "1"]

1. e4 d6 2. d4 Nf6 3. Nc3 g6 4. f4 Bg7 5. Nf3 c5 6. dxc5 Qa5 7. Bd3 Qxc5 8. Qe2 0-0 9. Be3 Qa5 10. 0-0 Bg4 11. Kh1 Nc6 12. a3 Nd7 13. h3 Bxf3 14. Qxf3 Bxc3 15. bxc3 Qxc3 16. Qg4 Nc5 17. Rfd1 Nxe4 18. Bxe4 Qxe3 19. Bxc6 bxc6 20. Qd7 Rfd8 21. Qxc6 Qxf4 22. Rab1 Rac8 23. Qb7 Qg5 24. Qxa7 Rxc2 25. Rg1 Rdc8 26. a4 R8c3 27. Rb8+ Kg7 28. Qa8 Qf4 29. Rg8+ Kf6 30. Rxg6+ hxg6 31. Qh8+ Ke6 32. a5 Rc1 33. Qxc3 Rxc3 34. Re1+ Kd7 35. a6 Ra3 36. g3 Qxg3 37. Rc1 Ra2 38. Rc2 Ra1+ 0-1